MARC details
| 000 -CABECERA |
| campo de control de longitud fija |
02382nam a2200313 i 4500 |
| 001 - NÚMERO DE CONTROL |
| campo de control |
991027366346407026 |
| 003 - IDENTIFICADOR DEL NÚMERO DE CONTROL |
| campo de control |
UkOxU |
| 005 - FECHA Y HORA DE LA ÚLTIMA TRANSACCIÓN |
| campo de control |
20251117094828.0 |
| 006 - CÓDIGOS DE INFORMACIÓN DE LONGITUD FIJA--CARACTERÍSTICAS DEL MATERIAL ADICIONAL |
| campo de control de longitud fija |
m o d | |
| 007 - CAMPO FIJO DE DESCRIPCIÓN FÍSICA--INFORMACIÓN GENERAL |
| campo de control de longitud fija |
cr cnu|||||||| |
| 008 - DATOS DE LONGITUD FIJA--INFORMACIÓN GENERAL |
| campo de control de longitud fija |
201012s2020 xna o 000 0 eng d |
| 020 ## - NÚMERO INTERNACIONAL ESTÁNDAR DEL LIBRO |
| Número Internacional Estándar del Libro |
9781760877811 |
| 035 ## - NÚMERO DE CONTROL DEL SISTEMA |
| Número de control de sistema |
(CKB)4100000011342373 |
| 035 ## - NÚMERO DE CONTROL DEL SISTEMA |
| Número de control de sistema |
(MiAaPQ)EBC6229082 |
| 035 ## - NÚMERO DE CONTROL DEL SISTEMA |
| Número de control de sistema |
(EXLCZ)994100000011342373 |
| 040 ## - FUENTE DE LA CATALOGACIÓN |
| Centro catalogador/agencia de origen |
MiAaPQ |
| Lengua de catalogación |
eng |
| Normas de descripción |
rda |
| -- |
pn |
| Centro/agencia transcriptor |
MiAaPQ |
| Centro/agencia modificador |
MiAaPQ |
| 041 ## - CÓDIGO DE LENGUA |
| Código de lengua del texto/banda sonora o título independiente |
eng |
| 050 #4 - SIGNATURA TOPOGRÁFICA DE LA BIBLIOTECA DEL CONGRESO |
| Número de clasificación |
HG222.3 |
| Número de documento/Ítem |
.B769 2020 |
| 100 ## - ENTRADA PRINCIPAL--NOMBRE DE PERSONA |
| Nombre de persona |
Browne, Melissa |
| Término indicativo de función/relación |
author |
| 9 (RLIN) |
26523 |
| 245 10 - MENCIÓN DE TÍTULO |
| Título |
Budgets don't work |
| Resto del título |
: (but this does) |
| Mención de responsabilidad, etc. |
/ Melissa Browne. |
| 260 ## - PUBLICACIÓN, DISTRIBUCIÓN, ETC. |
| Lugar de publicación, distribución, etc. |
Crows Nest : |
| Nombre del editor, distribuidor, etc. |
Allen & Unwin, |
| Fecha de publicación, distribución, etc. |
2020. |
| 300 ## - DESCRIPCIÓN FÍSICA |
| Extensión |
218 pages ; |
| Dimensiones |
23 cm. |
| 520 ## - SUMARIO, ETC. |
| Sumario, etc. |
In this breakthrough book you'll discover your Money Story, your Money Type and just as importantly you'll learn the habits, triggers and tricks that are right for you.<br/><br/>If you've ever tried to budget but found it just doesn't work, you need to read this book.<br/><br/>When it comes to saving and spending money, we're not all the same. Yet for too long, the financial advice world has treated us as if we are. This book will give you the tools you need to make that long-awaited financial breakthrough, allowing you to discover your "Financial Phenotype": the unique combination comprising your Money Story, your Money Environment, your Money Type and, just as importantly, the habits, triggers, and tricks that are right for you.<br/><br/>Once you realize that the one-size-fits-all approach to finances you've been trying to adopt doesn't work for most people, it can be liberating. Finally there's a rational explanation for why you've struggled with money—why you're perpetually sabotaging, why you're constantly at loggerheads with your partner or why you just can't seem to be consistent.<br/><br/>When it comes to other areas of your life, such as food and exercise, you've no doubt embraced a multi-faceted, often highly personalized approach and you recognize that's important. Why should it be any different when it comes to your finances?<br/><br/>That's why understanding your Money Story and discovering your Money Type is the key to financial success. |
| 588 ## - NOTA DE FUENTE DE LA DESCRIPCIÓN |
| Nota de fuente de la descripción |
Description based on print version record. |
| 650 #0 - PUNTO DE ACCESO ADICIONAL DE MATERIA--TÉRMINO DE MATERIA |
| Término de materia o nombre geográfico como elemento de entrada |
Money |
| Subdivisión general |
Psychological aspects |
| 9 (RLIN) |
26524 |
| 650 #0 - PUNTO DE ACCESO ADICIONAL DE MATERIA--TÉRMINO DE MATERIA |
| Término de materia o nombre geográfico como elemento de entrada |
Finance, Personal |
| 9 (RLIN) |
10893 |
| 650 #0 - PUNTO DE ACCESO ADICIONAL DE MATERIA--TÉRMINO DE MATERIA |
| Término de materia o nombre geográfico como elemento de entrada |
Budgets, Personal |
| 9 (RLIN) |
26525 |
| 942 ## - ELEMENTOS DE ENTRADA AGREGADA (KOHA) |
| Fuente del sistema de clasificación o colocación |
Clasificación de Library of Congress |